[Event "e2e4 Dublin Easter Masters"]
[Site "Dublin IRL"]
[Date "2012.04.05"]
[Round "1"]
[White "Capitelli, Paolo"]
[Black "Ernst, Sipke"]
[Result "0-1"]
[BlackTitle "GM"]
[WhiteElo "2122"]
[BlackElo "2578"]
[WhiteFideId "809330"]
[BlackFideId "1004689"]
[EventDate "2012.04.05"]

1. d4 d5 2. c4 c6 3. Nf3 Nf6 4. e3 Bg4 5. Nc3 e6 6. cxd5 exd5 7. Be2 Nbd7 8. O-O
Bd6 9. h3 Bh5 10. b3 O-O 11. Bb2 Re8 12. Rc1 Qe7 13. Ne1 Bg6 14. Bd3 Ne4 15.
Nxe4 dxe4 16. Be2 Nb6 17. Qd2 Rad8 18. Nc2 Nd5 19. Bc4 Bb8 20. Ba3 Qh4 21. Rfe1
Bf5 22. Bf1 Re6 23. g3 Qh5 24. Qe2 Qh6 25. Kh2 Rg6 26. Nb4 Nf6 27. d5 Ng4+ 28.
Kg1 Nxf2 29. Qxf2 Rxg3+ 30. Bg2 Bxh3 31. Qxg3 Bxg3 32. Re2 Bxg2 33. Rxg2 Qxe3+
34. Kh1 Rd6 0-1

[Event "e2e4 Dublin Easter Masters"]
[Site "Dublin IRL"]
[Date "2012.04.05"]
[Round "1"]
[White "Gormally, Daniel W"]
[Black "Fox, Anthony"]
[Result "1-0"]
[WhiteTitle "GM"]
[WhiteElo "2520"]
[BlackElo "2115"]
[WhiteFideId "406465"]
[BlackFideId "2500736"]
[EventDate "2012.04.05"]

1. e4 e5 2. Nf3 Nc6 3. Bb5 a6 4. Ba4 Nf6 5. O-O Be7 6. Re1 b5 7. Bb3 d6 8. c3
O-O 9. d4 Bg4 10. Be3 Na5 11. dxe5 Bxf3 12. Qxf3 dxe5 13. Bc2 Nc4 14. Bc1 c5 15.
b3 Nb6 16. Nd2 Qc7 17. c4 Rfe8 18. Bd3 b4 19. Nf1 Nbd7 20. Ne3 Bf8 21. Bb2 g6
22. g4 Bg7 23. a3 a5 24. Be2 Qc6 25. Qg2 Nf8 26. g5 N6d7 27. Bg4 Ne6 28. Bxe6
Rxe6 29. a4 f6 30. h4 Rf8 31. Rad1 fxg5 32. hxg5 h6 33. gxh6 Bxh6 34. Nf5 Bf4
35. Rd6 Qxd6 36. Nxd6 Rxd6 37. Bc1 Kg7 38. Qf1 Bxc1 39. Rxc1 Nf6 40. Rd1 Rfd8
41. Rxd6 Rxd6 42. Qh3 Rd1+ 43. Kg2 Nh5 44. Qc8 Nf4+ 45. Kh2 Nd3 46. Qc7+ Kh6 47.
Qxa5 Rd2 48. Qd8 Rxf2+ 49. Kg3 Rc2 50. Qh8+ 1-0

[Event "e2e4 Dublin Easter Masters"]
[Site "Dublin IRL"]
[Date "2012.04.05"]
[Round "1"]
[White "Omtvedt, Per"]
[Black "Hebden, Mark L"]
[Result "0-1"]
[BlackTitle "GM"]
[WhiteElo "2100"]
[BlackElo "2514"]
[WhiteFideId "1503235"]
[BlackFideId "400084"]
[EventDate "2012.04.05"]

1. e4 e5 2. Nf3 Nc6 3. Bb5 a6 4. Ba4 Nf6 5. O-O Be7 6. Re1 b5 7. Bb3 O-O 8. c3
d5 9. exd5 Nxd5 10. Nxe5 Nxe5 11. Rxe5 c6 12. d4 Bd6 13. Re1 Qh4 14. g3 Qh3 15.
Be3 Be6 16. Qf3 a5 17. Bd1 a4 18. a3 f5 19. Qg2 f4 20. Qxh3 Bxh3 21. gxf4 Nxf4
22. Bc2 Ng2 23. Re2 Bg4 24. Kxg2 Bxe2 25. Nd2 Rae8 26. Re1 Bg4 27. Bd3 Bf5 28.
Be2 Be6 29. Bd3 Bd5+ 30. f3 Rxe3 31. Rxe3 Bf4 32. Re2 Bxd2 33. Rxd2 Rxf3 34. Kg1
g5 35. Bf1 Rf4 36. h3 Rf3 37. Rh2 Kg7 38. Be2 Rf4 39. Bg4 Bc4 40. Bd7 Rf1+ 41.
Kg2 Rf6 42. Kg3 Bd5 43. Re2 h5 44. Bc8 h4+ 45. Kh2 Rf1 0-1

[Event "e2e4 Dublin Easter Masters"]
[Site "Dublin IRL"]
[Date "2012.04.05"]
[Round "1"]
[White "Williams, Simon K"]
[Black "Mihajlov, Svetoslav"]
[Result "0-1"]
[WhiteTitle "GM"]
[WhiteElo "2506"]
[BlackElo "2093"]
[WhiteFideId "404454"]
[BlackFideId "1507168"]
[EventDate "2012.04.05"]

1. c4 e5 2. Nc3 Nf6 3. Nf3 Nc6 4. d4 exd4 5. Nxd4 Bb4 6. Bg5 h6 7. Bh4 O-O 8.
Rc1 a5 9. e3 Re8 10. Be2 Ne5 11. O-O Bxc3 12. Rxc3 Ng6 13. Bxf6 Qxf6 14. c5 c6
15. Nc2 d5 16. cxd6 Rd8 17. Rd3 Qxb2 18. Rd2 Qxa2 19. f4 Nf8 20. e4 Bd7 21. e5
Qb2 22. Kh1 a4 23. Bc4 Qc3 24. Qe2 Bg4 25. Qxg4 Qxd2 26. Qf5 Rd7 27. Qe4 Re8 28.
Ne3 Qxd6 29. Nf5 Qd2 30. h4 b5 31. Be2 Qd5 32. Qe3 Qb3 33. Qc1 Qa2 34. Bg4 Rd2
35. Qxc6 Qd5 36. Bf3 Qxc6 37. Bxc6 Rb8 38. Nd6 b4 39. Bxa4 b3 40. Rb1 b2 41. Be8
Ra8 42. Bxf7+ Kh8 43. Nc4 Rd7 44. Rxb2 Rxf7 45. g3 Rfa7 46. f5 Ra1+ 47. Kg2 R1a2
48. Rxa2 Rxa2+ 49. Kf3 Ra4 50. e6 Rxc4 0-1

[Event "e2e4 Dublin Easter Masters"]
[Site "Dublin IRL"]
[Date "2012.04.05"]
[Round "1"]
[White "Hauge, Lars Oskar"]
[Black "Romero Holmes, Alfonso"]
[Result "0-1"]
[BlackTitle "GM"]
[WhiteElo "2087"]
[BlackElo "2501"]
[WhiteFideId "1509276"]
[BlackFideId "2200066"]
[EventDate "2012.04.05"]

1. e4 c6 2. d4 d5 3. e5 Bf5 4. Nc3 a6 5. Be3 h6 6. Nge2 e6 7. Ng3 Bh7 8. f4 Ne7
9. h4 Nd7 10. Bd3 Bxd3 11. Qxd3 g6 12. h5 Qa5 13. O-O-O Rg8 14. hxg6 fxg6 15. f5
Nxf5 16. Nxf5 gxf5 17. Bxh6 O-O-O 18. Bxf8 Nxf8 19. Qf3 Rd7 20. Rh6 Rdg7 21. Rg1
Rg4 22. Qf2 Qb4 23. Ne2 Rxg2 24. Rxg2 Rxg2 25. Qf1 Rg4 26. a3 Qe7 27. Kb1 Qg7
28. Rh3 Kb8 29. Ka2 Ng6 30. Qh1 Nf8 31. Qf3 Qe7 32. c3 Ng6 33. Rh5 Rh4 34. Ng3
Nf4 35. Rxh4 Qxh4 36. Ne2 Nh5 37. Ng1 Kc7 38. Kb3 Qg4 39. Kc2 Kd7 40. Kd3 Ke7
41. Qe3 Qd1+ 0-1

[Event "e2e4 Dublin Easter Masters"]
[Site "Dublin IRL"]
[Date "2012.04.05"]
[Round "1"]
[White "Valeanu, Eduard-Andrei"]
[Black "Korhonen, Pasi"]
[Result "1-0"]
[WhiteElo "2461"]
[BlackElo "2063"]
[WhiteFideId "1212168"]
[BlackFideId "502146"]
[EventDate "2012.04.05"]

1. e4 c5 2. Nf3 d6 3. d4 cxd4 4. Nxd4 Nf6 5. Nc3 g6 6. Be3 Bg7 7. f3 O-O 8. Qd2
Nc6 9. Bc4 Bd7 10. h4 Ne5 11. Bb3 Qa5 12. O-O-O Rfc8 13. Kb1 Nc4 14. Bxc4 Rxc4
15. Nb3 Qc7 16. Bd4 Be6 17. h5 Rc8 18. hxg6 hxg6 19. g4 a6 20. Rh3 b5 21. Rdh1
b4 22. Qh2 Nh5 23. Rxh5 gxh5 24. Bxg7 Kxg7 25. Qxh5 f6 26. Qh7+ Kf8 27. Qg6 Bg8
28. Rh8 bxc3 29. Rxg8# 1-0

[Event "e2e4 Dublin Easter Masters"]
[Site "Dublin IRL"]
[Date "2012.04.05"]
[Round "1"]
[White "Mihajlov, Sebastian"]
[Black "Nemeth, Miklos1"]
[Result "1/2-1/2"]
[BlackTitle "IM"]
[WhiteElo "2053"]
[BlackElo "2452"]
[WhiteFideId "1512110"]
[BlackFideId "720232"]
[EventDate "2012.04.05"]

1. d4 d5 2. c4 Nc6 3. cxd5 Qxd5 4. e3 e5 5. Nc3 Bb4 6. Bd2 Bxc3 7. bxc3 Qd6 8.
Bd3 Nf6 9. Ne2 O-O 10. O-O e4 11. Bc2 Na5 12. Ng3 Re8 13. f3 exf3 14. Qxf3 Nc4
15. Bc1 Bg4 16. Qf2 Qb6 17. e4 Be6 18. Rb1 Qa5 19. d5 Bd7 20. Bg5 Qxc3 21. Bxf6
Qxf6 22. Qxf6 gxf6 23. Nh5 Re7 24. Nxf6+ Kg7 25. Nxd7 Rxd7 26. Rxb7 Nd6 27. Rb3
Re7 28. Rg3+ Kh8 29. Re1 Rae8 30. Ra3 f5 31. e5 1/2-1/2

[Event "e2e4 Dublin Easter Masters"]
[Site "Dublin IRL"]
[Date "2012.04.05"]
[Round "1"]
[White "Collins, Sam E."]
[Black "Carlile, Orison"]
[Result "1-0"]
[WhiteTitle "IM"]
[WhiteElo "2439"]
[BlackElo "2048"]
[WhiteFideId "2501198"]
[BlackFideId "2504120"]
[EventDate "2012.04.05"]

1. e4 e6 2. d4 d5 3. Nd2 Nf6 4. e5 Nfd7 5. c3 c5 6. Bd3 Nc6 7. Ngf3 cxd4 8. cxd4
Be7 9. O-O a5 10. Nb1 O-O 11. Re1 Qb6 12. Nc3 f6 13. exf6 Nxf6 14. Nb5 Nb4 15.
Bf1 Bd7 16. Nc3 Bd6 17. h3 Rae8 18. Be3 Bb8 19. Ne5 Bc6 20. a3 Na6 21. Rb1 Bd6
22. Bd3 Re7 23. Kh1 Be8 24. f4 Nb8 25. Kh2 Nc6 26. Na4 Qc7 27. Rc1 Qb8 28. g3
Rc7 29. Nc3 Ne7 30. Qe2 Bxe5 31. fxe5 Nd7 32. Qg4 Nf5 33. Nxd5 Rxc1 34. Rxc1 g6
35. Bxf5 exf5 36. Qh4 Bf7 37. Ne7+ Kh8 38. Bh6 Re8 39. Bg5 h5 40. e6 Bxe6 41.
Nxg6+ Kg7 42. Qxh5 Nf6 43. Qh6+ Kf7 44. Ne5+ 1-0

[Event "e2e4 Dublin Easter Masters"]
[Site "Dublin IRL"]
[Date "2012.04.05"]
[Round "1"]
[White "Cafolla, Peter"]
[Black "Bae, Torstein"]
[Result "0-1"]
[BlackTitle "IM"]
[WhiteElo "2034"]
[BlackElo "2413"]
[WhiteFideId "2500884"]
[BlackFideId "1501887"]
[EventDate "2012.04.05"]

1. e4 e5 2. Nf3 Nc6 3. d4 exd4 4. Nxd4 Nf6 5. Nc3 Bb4 6. Nxc6 bxc6 7. Bd3 d5 8.
exd5 cxd5 9. O-O O-O 10. Bg5 c6 11. Na4 Be6 12. c3 Be7 13. Re1 h6 14. Bh4 Re8
15. Bc2 Nd7 16. Bxe7 Qxe7 17. Qd3 g6 18. Qd2 Qg5 19. Qxg5 hxg5 20. Rad1 Bf5 21.
Bb3 Bd3 22. f3 Bb5 23. Bc2 Kf8 24. Kf2 Re7 25. b4 a5 26. Rxe7 Kxe7 27. Rd4 axb4
28. Rxb4 Ra5 29. c4 Bxc4 30. Rb7 Kd6 31. Rb2 Nc5 32. Nxc5 Kxc5 33. a4 d4 34. Rb7
d3 35. Bd1 Kd4 36. Re7 Kc3 37. Ke3 Be6 38. f4 gxf4+ 39. Kxf4 Kd2 0-1

[Event "e2e4 Dublin Easter Masters"]
[Site "Dublin IRL"]
[Date "2012.04.05"]
[Round "1"]
[White "Astaneh Lopez, Alex"]
[Black "Goossens, Hanne"]
[Result "1/2-1/2"]
[WhiteTitle "IM"]
[WhiteElo "2400"]
[BlackElo "2032"]
[WhiteFideId "2501430"]
[BlackFideId "200468"]
[EventDate "2012.04.05"]

1. d4 Nf6 2. Nf3 g6 3. g3 Bg7 4. Bg2 c6 5. c4 d5 6. cxd5 cxd5 7. Nc3 Ne4 8. O-O
Nxc3 9. bxc3 O-O 10. Ne5 Nd7 11. Nxd7 Qxd7 12. Qb3 Rd8 13. Re1 b6 14. e4 dxe4
15. Bxe4 Bb7 16. Bg5 Re8 17. a4 Rac8 18. Qb5 Bc6 19. Bxc6 Qxc6 20. Rxe7 Rxe7 21.
Qxc6 Rxc6 22. Bxe7 Rxc3 23. d5 Rc7 24. d6 Rd7 25. Rc1 Be5 26. Rc8+ Kg7 27. Bf8+
Kf6 28. Ra8 Bxd6 29. Bxd6 Rxd6 30. Rxa7 h5 31. Kg2 Ke6 32. h3 f5 33. h4 Kf6 34.
Kf3 Re6 35. Ra6 Ke5 36. Ke3 Rd6 37. f3 Re6 38. Ra8 Rc6 39. Kd3 Kd5 40. Rd8+ Ke5
41. Re8+ Kd5 42. Re1 Rc5 43. Rb1 Kc6 44. Rb4 Re5 45. Rc4+ Rc5 46. Rb4 Re5 47.
Kd2 Re6 48. Kd3 Re5 49. Rf4 Rd5+ 50. Kc3 Rc5+ 51. Kb4 Rd5 52. g4 Re5 53. Rc4+
Kd7 54. gxh5 gxh5 55. Rd4+ Ke7 56. Rd3 Rc5 57. Ka3 Rc4 58. Rb3 Rc6 59. Kb4 Rd6
60. Kb5 Kd7 61. Rb4 Kc7 62. Ka6 Rc6 63. Ka7 Rd6 64. Rc4+ Rc6 65. Rb4 Rd6 66. f4
Rc6 67. Ka6 Rd6 68. Rb5 Rd4 69. a5 bxa5 70. Rxf5 a4 71. Rxh5 Rxf4 1/2-1/2

[Event "e2e4 Dublin Easter Masters"]
[Site "Dublin IRL"]
[Date "2012.04.05"]
[Round "1"]
[White "Harstad, Christian"]
[Black "Quinn, Mark"]
[Result "1-0"]
[BlackTitle "IM"]
[WhiteElo "2029"]
[BlackElo "2398"]
[WhiteFideId "1504045"]
[BlackFideId "2500450"]
[EventDate "2012.04.05"]

1. d4 Nf6 2. c4 e6 3. Nc3 Bb4 4. f3 Nc6 5. a3 Bxc3+ 6. bxc3 e5 7. d5 Nb8 8. e4
d6 9. Bg5 Nbd7 10. Bd3 Nc5 11. Ne2 h6 12. Bh4 c6 13. O-O g5 14. Bf2 Qa5 15. Bc2
cxd5 16. cxd5 Bd7 17. a4 Rc8 18. h4 Nh5 19. hxg5 hxg5 20. g3 Ke7 21. Kg2 Bh3+
22. Kxh3 Nf4+ 23. Kg4 Qc7 24. Nd4 exd4 25. gxf4 gxf4 26. Bxd4 Rcg8+ 27. Kxf4 Rh2
28. Rc1 Nd7 29. Rh1 Rhg2 30. Ke3 Ke8 31. Bd3 Ne5 32. Qb3 Nxf3 33. Qb5+ Kf8 34.
Rcf1 Nxd4 35. Kxd4 a6 36. Qb4 b5 37. axb5 Qb6+ 38. Kc4 a5 39. Qa3 R2g3 40. Rh7
R8g7 41. Rxg7 Kxg7 42. Rd1 Rg2 43. Kb3 Kg8 44. Qa4 Kg7 45. Qd4+ 1-0

[Event "e2e4 Dublin Easter Masters"]
[Site "Dublin IRL"]
[Date "2012.04.05"]
[Round "1"]
[White "Csonka, Attila Istvan"]
[Black "Armstrong, Malcolm J"]
[Result "1-0"]
[WhiteTitle "IM"]
[WhiteElo "2384"]
[BlackElo "2026"]
[WhiteFideId "716529"]
[BlackFideId "409049"]
[EventDate "2012.04.05"]

1. e4 c6 2. d4 d5 3. e5 c5 4. dxc5 Nc6 5. Bb5 e6 6. Be3 Ne7 7. Nf3 Bd7 8. Bxc6
Nxc6 9. c3 Qc7 10. Bd4 Nxd4 11. cxd4 b6 12. cxb6 Qxb6 13. Qb3 Qa6 14. Nc3 Be7
15. Qc2 Rb8 16. h4 h6 17. g4 g6 18. Rh3 h5 19. Rg3 hxg4 20. Rxg4 Bb5 21. Nxb5
Qxb5 22. Rc1 Qa5+ 23. Kf1 Qxa2 24. Qc6+ Kf8 25. Rf4 Qxb2 26. Kg2 Kg7 27. Rc2 Qb7
28. Qc7 Rh5 29. Ng5 Qxc7 30. Rxc7 Bxg5 31. Rfxf7+ Kh8 32. hxg5 Rxg5+ 33. Kh3 Rf5
34. Rh7+ Kg8 35. Rcg7+ Kf8 36. Rxa7 Rh5+ 37. Rxh5 gxh5 38. Kh4 Rb4 39. Kxh5 Rxd4
40. Kg5 Re4 41. Kf6 Rf4+ 42. Kxe6 Rxf2 43. Ra8+ Kg7 44. Ke7 d4 45. Rd8 Rf7+ 46.
Ke6 Rf4 47. Rd5 Kf8 48. Kd6 Ke8 49. Ra5 Re4 50. e6 Kf8 51. Kd7 d3 52. Rf5+ Kg7
53. Rd5 Re3 54. e7 Kf7 55. Rf5+ Kg6 56. Rf2 1-0

[Event "e2e4 Dublin Easter Masters"]
[Site "Dublin IRL"]
[Date "2012.04.05"]
[Round "1"]
[White "Morriss, Pete"]
[Black "Brady, Stephen"]
[Result "0-1"]
[BlackTitle "FM"]
[WhiteElo "2006"]
[BlackElo "2383"]
[WhiteFideId "2500230"]
[BlackFideId "2500124"]
[EventDate "2012.04.05"]

1. b4 e6 2. Bb2 Nf6 3. b5 d5 4. e3 c5 5. c4 Be7 6. Nf3 O-O 7. Be2 Nbd7 8. O-O b6
9. d4 Bb7 10. Nc3 dxc4 11. Bxc4 Qc7 12. Be2 Rfd8 13. Qb1 Rac8 14. Rc1 Qb8 15. a4
cxd4 16. Nxd4 Ne5 17. h3 Nc4 18. Bxc4 Rxc4 19. a5 Rdc8 20. axb6 axb6 21. Qa2 Bd6
22. Qa7 Qc7 23. Nce2 Rxc1+ 24. Rxc1 Bc5 25. Qa4 Qe5 26. Nf4 g5 27. Nd3 Qe4 28.
Ne1 e5 29. Qc2 exd4 30. Qxe4 Nxe4 31. exd4 Be7 32. Nf3 Rxc1+ 33. Bxc1 Nc3 34.
Bxg5 Bxg5 35. Nxg5 h6 0-1

[Event "e2e4 Dublin Easter Masters"]
[Site "Dublin IRL"]
[Date "2012.04.05"]
[Round "1"]
[White "Sowray, Peter J"]
[Black "Keogh, Eamon"]
[Result "1/2-1/2"]
[WhiteTitle "FM"]
[WhiteElo "2375"]
[BlackElo "2002"]
[WhiteFideId "400971"]
[BlackFideId "2500264"]
[EventDate "2012.04.05"]

1. e4 e5 2. Bc4 Bc5 3. Nf3 Nc6 4. c3 d6 5. d4 exd4 6. cxd4 Bb4+ 7. Nc3 Bxc3+ 8.
bxc3 Qf6 9. O-O Bg4 10. Be2 Nge7 11. Rb1 b6 12. d5 Ne5 13. Nxe5 Bxe2 14. Qxe2
dxe5 15. Qb5+ c6 16. dxc6 O-O 17. Ba3 Rfc8 18. Rfd1 Nxc6 19. Rd6 Qe7 20. Qd5 Qe8
21. Rd7 Rd8 22. Rd1 Nd4 23. Re7 Rxd5 24. Rxe8+ Rxe8 25. exd5 Ne2+ 26. Kf1 Nxc3
27. Rd3 Nb5 28. Bb4 a5 29. Bd2 Rd8 30. Be3 Nd4 31. Bxd4 exd4 32. Rxd4 Kf8 33.
Ke2 Ke7 34. Kd3 Kd6 35. Rf4 Rd7 36. Kd4 b5 37. Rh4 h6 38. Rg4 g6 39. Rf4 f5 40.
g4 Rc7 41. gxf5 Rc4+ 42. Ke3 Rxf4 43. Kxf4 gxf5 44. Kxf5 Kxd5 45. f4 b4 46. Kg6
a4 47. f5 b3 48. axb3 axb3 49. f6 b2 50. f7 b1=Q+ 51. Kg7 Qg1+ 52. Kxh6 Qxh2+
53. Kg7 Qg3+ 54. Kh8 Qf4 55. Kg7 Qg5+ 56. Kh7 Qf6 57. Kg8 1/2-1/2

[Event "e2e4 Dublin Easter Masters"]
[Site "Dublin IRL"]
[Date "2012.04.05"]
[Round "1"]
[White "Salomon, Johan"]
[Black "Gourlay, Iain"]
[Result "0-1"]
[BlackTitle "FM"]
[WhiteElo "1996"]
[BlackElo "2351"]
[WhiteFideId "1509500"]
[BlackFideId "2401533"]
[EventDate "2012.04.05"]

1. Nf3 Nf6 2. c4 g6 3. g3 Bg7 4. Bg2 O-O 5. O-O d6 6. Nc3 a6 7. Rb1 e5 8. d3 c6
9. c5 dxc5 10. Nxe5 Nd5 11. Nxd5 cxd5 12. Nf3 Nc6 13. Bg5 Qa5 14. a3 c4 15. dxc4
dxc4 16. Qc2 Bf5 17. e4 Bg4 18. Be3 Qh5 19. Ng5 Be2 20. Rfe1 Bd3 21. Qc1 Ne5 22.
Ra1 h6 23. Nh3 Nf3+ 24. Bxf3 Qxf3 25. Bxh6 Bxe4 26. Rxe4 Qxe4 27. Bxg7 Kxg7 28.
Qc3+ Kg8 29. Re1 Qd3 30. Qf6 Rfe8 31. Rf1 Qf5 32. Qh4 Qh5 33. Qxh5 gxh5 34. Nf4
Rad8 35. Nxh5 Re2 36. Rc1 b5 0-1

[Event "e2e4 Dublin Easter Masters"]
[Site "Dublin IRL"]
[Date "2012.04.05"]
[Round "1"]
[White "Wall, Gavin"]
[Black "Grebstad, Kjell Borre"]
[Result "1-0"]
[WhiteTitle "IM"]
[WhiteElo "2330"]
[BlackElo "1987"]
[WhiteFideId "2501244"]
[BlackFideId "1509640"]
[EventDate "2012.04.05"]

1. e4 d5 2. exd5 Qxd5 3. Nc3 Qa5 4. d4 Nf6 5. Nf3 c6 6. Bc4 Bf5 7. Bd2 e6 8. Nd5
Qd8 9. Nxf6+ gxf6 10. c3 Nd7 11. Nh4 Nb6 12. Bb3 Bg6 13. Qf3 Be7 14. g3 Qd7 15.
Nxg6 hxg6 16. h4 f5 17. O-O-O Rh7 18. Kb1 O-O-O 19. Rhe1 Kb8 20. c4 Bf6 21. Ba5
Rc8 22. Bb4 Qc7 23. Ba5 Qd7 24. Qf4+ Ka8 25. Re3 Qe7 26. Qf3 Nd7 27. d5 cxd5 28.
cxd5 Qc5 29. Bc3 e5 30. d6 e4 31. Qf4 Be5 32. Bxe5 Qxe5 33. Qg5 Qg7 34. Rc3 Re8
35. Rc7 f6 36. Qc1 Qf8 37. Rxb7 Rb8 38. Rc7 Rb6 39. Rc8+ 1-0

[Event "e2e4 Dublin Easter Masters"]
[Site "Dublin IRL"]
[Date "2012.04.05"]
[Round "1"]
[White "Jackson, Carl"]
[Black "Eggleston, David J"]
[Result "0-1"]
[BlackTitle "FM"]
[WhiteElo "1982"]
[BlackElo "2327"]
[WhiteFideId "2502585"]
[BlackFideId "412120"]
[EventDate "2012.04.05"]

1. e4 c5 2. Nc3 a6 3. g3 b5 4. Bg2 Bb7 5. f4 e6 6. d3 d5 7. e5 h5 8. Nf3 Nh6 9.
d4 Nc6 10. Ne2 Nf5 11. a4 h4 12. axb5 axb5 13. Rxa8 Bxa8 14. c3 h3 15. Bf1 Qb6
16. g4 Nh4 17. Nfg1 cxd4 18. cxd4 f6 19. Bxh3 fxe5 20. dxe5 d4 21. Ng3 Nb4 22.
Qb3 Bxh1 23. Nxh1 d3 24. Kf1 Bc5 25. Bd2 Nd5 26. f5 Bxg1 27. fxe6 Ne3+ 28. Bxe3
Bxe3 29. Qxd3 Qc6 30. Qxe3 Qxh1+ 31. Ke2 Qf3+ 0-1

[Event "e2e4 Dublin Easter Masters"]
[Site "Dublin IRL"]
[Date "2012.04.05"]
[Round "1"]
[White "Kvisvik, Brede"]
[Black "Magee, Ronan"]
[Result "1-0"]
[WhiteTitle "FM"]
[WhiteElo "2304"]
[BlackElo "1948"]
[WhiteFideId "1502999"]
[BlackFideId "2503000"]
[EventDate "2012.04.05"]

1. e4 c5 2. Nf3 d6 3. d4 cxd4 4. Nxd4 Nf6 5. Nc3 a6 6. Bg5 e6 7. f4 Be7 8. Qf3
Qc7 9. O-O-O Nbd7 10. g4 b5 11. Bxf6 Nxf6 12. g5 Nd7 13. f5 Bxg5+ 14. Kb1 Ne5
15. Qh5 Qe7 16. Nxe6 Bxe6 17. fxe6 g6 18. exf7+ Kxf7 19. Qh3 Kg7 20. Nd5 Qd8 21.
Be2 Ra7 22. Rhf1 Rf7 23. Qa3 Rhf8 24. Rxf7+ Rxf7 25. Qxa6 Rf2 26. Bxb5 Rxh2 27.
Qa7+ Kh8 28. a4 Qc8 29. Qc7 Qg4 30. Rf1 Nf3 31. Qxd6 h5 32. Qf8+ 1-0

[Event "e2e4 Dublin Easter Masters"]
[Site "Dublin IRL"]
[Date "2012.04.05"]
[Round "1"]
[White "Christiansen, Johan-Sebastian"]
[Black "Rudd, Jack"]
[Result "0-1"]
[BlackTitle "IM"]
[WhiteElo "1938"]
[BlackElo "2303"]
[WhiteFideId "1512668"]
[BlackFideId "405736"]
[EventDate "2012.04.05"]

1. c4 e5 2. Nc3 Nc6 3. Nf3 f5 4. d4 e4 5. Ng5 Nf6 6. g3 b6 7. Bg2 Ba6 8. Qa4 Qc8
9. Nd5 Nxd5 10. cxd5 Nb4 11. f3 e3 12. Qb3 h6 13. Nh3 c6 14. Qxe3+ Be7 15. Qe5
O-O 16. Qxe7 Nc2+ 17. Kf2 Re8 18. Qd6 Rxe2+ 19. Kg1 Re1+ 20. Kf2 Qe8 21. Nf4
Rxc1 22. Qe5 Qxe5 23. dxe5 Rxa1 24. Rxa1 Nxa1 25. Bh3 g5 26. Nh5 cxd5 27. Bxf5
Bb5 28. Nf6+ Kf7 29. Nxd5 Rc8 30. f4 gxf4 31. gxf4 Nc2 32. Nc3 Nd4 33. Be4 Bc6
34. Bd3 d6 35. Ke3 dxe5 36. fxe5 Nf3 37. Bc4+ Ke7 38. Bd5 Nxe5 0-1

[Event "e2e4 Dublin Easter Masters"]
[Site "Dublin IRL"]
[Date "2012.04.05"]
[Round "1"]
[White "Daly, Colm"]
[Black "Loughran, John"]
[Result "1-0"]
[WhiteTitle "FM"]
[WhiteElo "2285"]
[BlackElo "1899"]
[WhiteFideId "2500434"]
[BlackFideId "2501562"]
[EventDate "2012.04.05"]

1. d4 d5 2. c4 Bf5 3. cxd5 Bxb1 4. Qa4+ c6 5. Rxb1 Qxd5 6. Nf3 Nd7 7. Bd2 Nb6 8.
Qa5 Nf6 9. e3 e6 10. Qxd5 exd5 11. Bd3 Bd6 12. Ke2 Ne4 13. Rhc1 O-O 14. Be1 f5
15. g3 Rae8 16. Kf1 Nd7 17. b4 h6 18. b5 c5 19. dxc5 Bxc5 20. Rd1 Ne5 21. Nxe5
Rxe5 22. Bc2 g6 23. Bb3 Kh7 24. Rxd5 Rxd5 25. Bxd5 b6 26. Bxe4 fxe4 27. Ke2 Rf5
28. Rd1 Rf7 29. Rd5 Re7 30. a4 Kg7 31. Bc3+ Kf7 32. a5 Ba3 33. axb6 axb6 34. Bd4 1-0

[Event "e2e4 Dublin Easter Masters"]
[Site "Dublin IRL"]
[Date "2012.04.05"]
[Round "1"]
[White "Salter, David"]
[Black "Short, Philip M"]
[Result "1/2-1/2"]
[BlackTitle "FM"]
[WhiteElo "1897"]
[BlackElo "2282"]
[WhiteFideId "2501988"]
[BlackFideId "2500086"]
[EventDate "2012.04.05"]

1. d4 e6 2. Nf3 c5 3. e3 Nf6 4. Bd3 b6 5. O-O Bb7 6. Nbd2 cxd4 7. exd4 Be7 8. b3
O-O 9. Bb2 d6 10. Qe2 Nbd7 11. c4 Re8 12. Rfe1 Bf8 13. Rad1 Qc7 14. Ne4 g6 15.
Nfg5 Nxe4 16. Nxe4 h6 17. Qg4 Bg7 18. Qg3 e5 19. f4 exd4 20. f5 Nc5 21. Nxc5
Qxc5 22. fxg6 f5 23. Kh1 Be4 24. Qf2 Rf8 25. Qh4 Rae8 26. Bc1 Re6 27. Bxe4 fxe4
28. Rxe4 Rxg6 1/2-1/2

[Event "e2e4 Dublin Easter Masters"]
[Site "Dublin IRL"]
[Date "2012.04.05"]
[Round "1"]
[White "Longson, Alexander"]
[Black "Puroila, Sippo"]
[Result "1-0"]
[WhiteElo "2267"]
[BlackElo "1886"]
[WhiteFideId "408093"]
[BlackFideId "504572"]
[EventDate "2012.04.05"]

1. e4 e6 2. d4 d5 3. Nd2 dxe4 4. Nxe4 Nd7 5. Nf3 Ngf6 6. Nxf6+ Nxf6 7. c3 c5 8.
Ne5 Bd7 9. Bf4 Qb6 10. Nc4 Qc6 11. Be2 Rd8 12. O-O Be7 13. Qb3 b5 14. Ne5 Qe4
15. Nxd7 Nxd7 16. Be3 cxd4 17. Bf3 Qf5 18. Bxd4 a6 19. a4 e5 20. Be3 e4 21. Be2
Rb8 22. axb5 axb5 23. Ra5 O-O 24. Rxb5 Rxb5 25. Qxb5 Qe6 26. Bc4 Qd6 27. Qd5 Nf6
28. Qxd6 Bxd6 29. Rd1 Be5 30. h3 h6 31. Kf1 Rb8 32. Rd2 g5 33. Ke2 Nh5 34. g3
Nf6 35. Kd1 Rb7 36. Kc2 Kg7 37. Rd8 Rc7 38. b3 Nd7 39. Ra8 f5 40. Ra7 f4 41.
Rxc7 Bxc7 42. gxf4 gxf4 43. Bd4+ Kg6 44. b4 Bb6 45. Bxb6 Nxb6 46. Bf1 Kf5 47.
Kb3 Ke5 48. c4 Kd4 49. c5 Nd7 50. c6 Nb6 51. c7 e3 52. fxe3+ fxe3 53. Ba6 Ke4
54. Kc2 Kf3 55. c8=Q Nxc8 56. Bxc8 1-0

[Event "e2e4 Dublin Easter Masters"]
[Site "Dublin IRL"]
[Date "2012.04.05"]
[Round "1"]
[White "Djuric, Olgica"]
[Black "Firstov, Juri"]
[Result "0-1"]
[WhiteElo "1851"]
[BlackElo "2264"]
[WhiteFideId "943860"]
[BlackFideId "4501233"]
[EventDate "2012.04.05"]

1. d4 e6 2. Nf3 b6 3. g3 Bb7 4. Bg2 f5 5. Bg5 Nf6 6. c4 h6 7. Bxf6 Qxf6 8. Nc3
Be7 9. O-O O-O 10. Nb5 Bd8 11. b4 d6 12. Rc1 e5 13. c5 e4 14. Ne1 d5 15. a4 a5
16. Qb3 axb4 17. Nc2 c6 18. Nd6 Ba6 19. Rce1 bxc5 20. dxc5 Nd7 21. Qxb4 Be7 22.
f3 Nxc5 23. Nxf5 Qxf5 24. fxe4 Qe5 25. exd5 cxd5 26. Qd2 Ne4 27. Rxf8+ Rxf8 28.
Qa5 Bc5+ 29. e3 Bc4 30. Rd1 Qc3 0-1